| 000 | 00716cam a2200181 4500 | ||
|---|---|---|---|
| 001 | ABS61031 | ||
| 008 | 000000n1999 000 0 eng u | ||
| 035 | _a(Sirsi) u101585 | ||
| 100 | _aHoare, D. | ||
| 245 | _aValuation of farm buildings. | ||
| 260 | _c1999 | ||
| 490 |
_aCSM _bChartered Surveyor Monthly _v8(11/12) July/August 1999, 26(1) |
||
| 520 | _aThis article forms the basis of a proposed guidance note on the valuation of farm buildings for inclusion in the Red Book. Comments on the content of the guidance note should be sent to Kenneth Bartlett, Professional Services Department at the RICS. | ||
| 650 | _aFARMS | ||
| 650 | _aAGRICULTURAL PROPERTY | ||
| 690 | _aRATING AND VALUATION | ||
| 942 | _n0 | ||
| 999 |
_c60717 _d60717 |
||